000 00568nam a2200217Ia 4500
003 OSt
005 20220928144705.0
006 a|||||r|||| 00| 0
007 ta
008 220927b |||||||| |||| 00| 0 eng d
024 _a73118
037 _cTextual
040 _aSDCL
_cSDCL
_beng
041 _2eng
_aeng
082 _aR3xM89, P0
100 _aDastur Francoise
_9509155
245 0 _aTelling time
_b Sketch of a phenomenological chrono-logy.
260 _c2000
942 _hR3xM89, P0
_cTEXL
_2CC
999 _c829024
_d829024